Language Quiz

Random Language or Spanish Quiz
Score 0/40 Timer 04:00
0 Plays Today
English Spanish % Correct
a filmuna película
92.8%
actorel actor
78.3%
actressla actriz
72.7%
storyla historia
67.1%
scenela escena
63.5%
characterel personaje
62.7%
scriptel guión
61.3%
genreel género
61%
special effectslos efectos especiales
61%
a short filmun cortometraje
60.4%
directorel director
60.4%
a feature-length filmun largometraje
57.1%
make-upla maquillaje
56.8%
dialogueel diálogo
56%
plotel argumento
54.6%
main characterel protagonista
52.9%
to pausepausar
52.9%
leading roleel papel principal
51.5%
soundtrackla banda sonora
51%
sound effectslos efectos sonoros
49%
English Spanish % Correct
script-writer/screen-writerel guionista
47.6%
filmmakerel cineasta
46.8%
a shotuna toma
46.5%
film loverel cinéfilo
43.7%
supporting role/secondary roleel papel secundario
42.9%
to shoot (a film)rodar
42.6%
dubbingel doblaje
41.8%
costumes/wardrobeel vestuario
38.7%
settingel escenario
38.4%
actingla actuación
37.9%
to focus onenfocar en
37.9%
to premiereestrenar
37%
to play a roledesempeñar un papel
35.4%
a pan/a distance shotun plano largo
35.4%
a close-up (shot)un plano corto
35.1%
to rewindrebobinar
31.8%
to fast forwardadelantar
28.1%
in slow-motionen cámara lenta
27.9%
a flash-forwardun avance temporal
25.9%
a flash-backun retroceso temporal
24.5%
Remove Ads.
Support Sporcle.
Get the best of Sporcle when you Go Orange. This ad-free experience offers more features, more stats, and more fun while also helping to support Sporcle. Thank you for becoming a member.

You're not logged in!

Compare scores with friends on all Sporcle quizzes.
OR
Log In

Show Comments

Extras

Top Quizzes Today


Score Distribution

Your Account Isn't Verified!

In order to create a playlist on Sporcle, you need to verify the email address you used during registration. Go to your Sporcle Settings to finish the process.

Report this User

Report this user for behavior that violates our Community Guidelines.

Details: